Štyri knihy nepokoja

Bibliographic Details
Main Author: Válek, Miroslav, 1927-1991 (Author)
Format: Book
Language:Slovak
PhysicalDescription:224 s. 19 cm
Published: Bratislava Slovenský spisovateľ 1975
Edition:3. vyd.
Series:Knižnica Slovenského spisovateľa
Subjects:

MARC

LEADER 00000cam a2200000 a 4500
001 vtls008324779
003 SK-MaSNL
005 20260301221846.0
008 250312s1975 xo g 000 p slo
015 |a SNBA1975/03-00907 
020 |q (brož.) 
035 |a SK01SNK19750016996 
035 |a urn:nbn:sk:snk-am3h7lv 
035 |a 41AC1868-6958-45DB-BD6A-2E4EE4781D39 
035 |a urn:nbn:sk:snk-am00cmtf 
035 |a SKM000019459 
040 |a SNK  |b slo  |c SNK  |e AACR2 
041 0 |a slo 
044 |a xo  |c SK 
072 7 |a 821.162.4-1  |x Slovenská poézia  |2 konspekt 
080 |a 821.162.4-1  |2 2001 
100 1 |a Válek, Miroslav,  |d 1927-1991  |4 aut  |9 102196 
245 1 0 |a Štyri knihy nepokoja  |c Miroslav Válek 
250 |a 3. vyd. 
260 |a Bratislava  |b Slovenský spisovateľ  |c 1975 
300 |a 224 s.  |c 19 cm 
366 |e 4000 výt. 
490 1 |a Knižnica Slovenského spisovateľa  |v zv. 73 
655 7 |a lyrická poézia  |2 SNKPH  |9 70613 
655 7 |a slovenská poézia  |2 SNKPH  |9 70444 
830 0 |a Knižnica Slovenského spisovateľa  |9 279847 
852 |a Slovenská národná knižnica 
954 |a beletria pôvodná (slovenská)  |2 lita 
958 |a RK 
958 |a OND 
999 |c 937713  |d 939643 
952 |a SNK  |b SNK  |y PREZ  |7 0  |p 17A0592834  |o snkSD 44614  |i snkKSP 2932/75  |0 0  |1 0  |4 0  |d 2011-01-04  |f 1  |l 0  |r 2026-02-24 09:08:45  |w 2026-02-24 
952 |a SNK  |b SNK  |y VYP  |7 0  |p 17A0557807  |o snkSD 44614 D1  |i snkKSP 2933/75  |0 0  |1 0  |4 0  |d 2007-08-16  |l 0  |r 2026-02-24 09:08:46  |w 2026-02-24